000 00584nam a2200193Ia 4500
003 GCL
008 140319s9999 xx 000 0 ara d
040 _aGCL /
_cGCL
082 0 4 _a939.44
_bم م
100 1 _aمحمد بيومى مهران
245 1 0 _aالمدن الفينيقية: تاريخ لبنان القديم /
_cمحمد بيومى مهران
300 _a432 ص
490 _a100 قصة
_v0
650 0 4 _aمصر القديمة
650 0 4 _aالعلاقات الخارجية
650 0 4 _aلبنان
650 0 4 _aالمدن الفينيقية
942 _2ddc
_cBK
999 _c45673
_d45673